[Event "Madrid 2024-2025ch - Previa A"]
[Site "Madrid ESP"]
[Date "2025.02.18"]
[Round "8.26"]
[White "Martin-Buitrago Lopez, Antonio"]
[Black "Huerta Navarro, Eusebio"]
[Result "1-0"]
[WhiteElo "1800"]
[BlackElo "1772"]
[PlyCount "99"]
[GameId "2155175365980513"]
[EventDate "2025.01.30"]
[EventType "swiss"]
[EventRounds "9"]
[EventCountry "ESP"]
[SourceTitle "Ajedrez en Madrid"]
[Source "lmi"]
[SourceDate "2025.01.30"]
[SourceVersion "1"]
[SourceVersionDate "2025.03.19"]
[SourceQuality "1"]

1. e4 e5 2. Nf3 Nc6 3. c3 d5 4. Qa4 f6 5. d3 Bc5 6. Be2 Nge7 7. O-O Be6 8. Nbd2 Qd7 9. Rd1 O-O 10. Nf1 Nd4 11. Nxd4 Qxa4 12. Nxe6 Qc6 13. exd5 Qxd5 14. Nxc7 Qd7 15. Nxa8 Rxa8 16. Be3 Rc8 17. Bxc5 Rxc5 18. d4 exd4 19. Rxd4 Qc7 20. Rad1 Kf7 21. Ne3 Ke8 22. Bg4 f5 23. Bf3 Nc6 24. Bxc6+ bxc6 25. Nc4 Rd5 26. Re1+ Kf7 27. Rh4 h6 28. Rh3 Qd8 29. Rhe3 Rd1 30. Ne5+ Kf6 31. Nf3 Kg6 32. h4 Rxe1+ 33. Rxe1 Qd5 34. Nd4 Kf7 35. b3 Qc5 36. Re3 g6 37. h5 f4 38. hxg6+ Kxg6 39. Re6+ Kg5 40. Re5+ Qxe5 41. Nf3+ Kf5 42. Nxe5 Kxe5 43. f3 c5 44. Kf2 a5 45. Ke2 h5 46. Kd3 h4 47. Kc4 Kf5 48. Kxc5 h3 49. gxh3 Kg5 50. Kd4 1-0

[Event "Madrid 2024-2025ch - Previa A"]
[Site "Madrid ESP"]
[Date "2025.02.18"]
[Round "8.28"]
[White "Aquilino Rodriguez, Virgilio"]
[Black "Ortega Molina, Tomas"]
[Result "1-0"]
[WhiteElo "1675"]
[BlackElo "1736"]
[PlyCount "85"]
[GameId "2155178628383102"]
[EventDate "2025.01.30"]
[EventType "swiss"]
[EventRounds "9"]
[EventCountry "ESP"]
[SourceTitle "Ajedrez en Madrid"]
[Source "lmi"]
[SourceDate "2025.01.30"]
[SourceVersion "1"]
[SourceVersionDate "2025.03.19"]
[SourceQuality "1"]

1. e4 c5 2. Nf3 d6 3. d4 cxd4 4. Nxd4 Nf6 5. Nc3 a6 6. h3 b5 7. a3 Bb7 8. Bd3 e6 9. O-O Be7 10. Qf3 Nbd7 11. Bd2 Ne5 12. Qe2 Rc8 13. f4 Nc4 14. b3 Nxd2 15. Qxd2 Qb6 16. Kh2 Qxd4 17. Bxb5+ axb5 18. Qxd4 O-O 19. Rac1 Rc5 20. Ne2 Bxe4 21. c3 Bd5 22. c4 bxc4 23. bxc4 Bb7 24. Nc3 e5 25. Qd3 Rfc8 26. Nb5 e4 27. Qd2 Rd8 28. Nd4 g6 29. Nb3 Rcc8 30. Qe3 d5 31. cxd5 Bxd5 32. Rxc8 Rxc8 33. Rd1 Bxa3 34. Qb6 Kg7 35. Qb5 Be6 36. Qa4 Bb2 37. Re1 Rc3 38. Nd4 Bd7 39. Qb4 Rc1 40. Rxc1 Bxc1 41. Ne2 Be3 42. g4 Bc6 43. Qc3 1-0

[Event "Madrid 2024-2025ch - Previa A"]
[Site "Madrid ESP"]
[Date "2025.02.18"]
[Round "8.29"]
[White "Cujba, Anca-Claudia"]
[Black "Moreno Sabroso, Ruben"]
[Result "1-0"]
[WhiteElo "1747"]
[BlackElo "1653"]
[PlyCount "150"]
[GameId "2155341514887280"]
[EventDate "2025.01.30"]
[EventType "swiss"]
[EventRounds "9"]
[EventCountry "ESP"]
[SourceTitle "Ajedrez en Madrid"]
[Source "lmi"]
[SourceDate "2025.01.30"]
[SourceVersion "1"]
[SourceVersionDate "2025.03.19"]
[SourceQuality "1"]

1. e4 e6 2. d4 d5 3. exd5 exd5 4. Bd3 Nc6 5. c3 Bd6 6. Qe2+ Nge7 7. Bg5 f6 8. Bh4 Bd7 9. Qh5+ g6 10. Qh6 Nf5 11. Bxf5 Bxf5 12. Qe3+ Kf7 13. Qd2 Re8+ 14. Ne2 Qe7 15. Bg3 Rad8 16. b4 Bxb4 17. O-O Qxe2 18. cxb4 Rd7 19. Qxe2 Rxe2 20. Nc3 Rc2 21. Nb5 Bd3 22. Na3 Rc3 23. Nb1 Rc4 24. Rd1 Bxb1 25. Raxb1 Rxd4 26. b5 Rxd1+ 27. Rxd1 Ne5 28. f4 Nc4 29. Bf2 b6 30. a4 Nb2 31. Rd4 Ke6 32. g4 f5 33. h3 Nc4 34. Rd1 Kd6 35. Be1 fxg4 36. Bb4+ Ke6 37. hxg4 d4 38. Re1+ Kf7 39. Rc1 Ne3 40. g5 d3 41. Bd2 Nf5 42. Rc6 Nd6 43. Kf2 Re7 44. Kf3 Ke8 45. Bb4 Kd7 46. Rc3 d2 47. Rd3 c5 48. bxc6+ Kxc6 49. Rxd6+ Kc7 50. Rxd2 Re6 51. Bc3 Rc6 52. Be5+ Kc8 53. Rd4 Rc3+ 54. Ke4 Rc1 55. Rd6 Rc4+ 56. Rd4 Rc1 57. Kd5 Rc5+ 58. Kd6 Rc1 59. Ke7 Re1 60. Rd8+ Kb7 61. Kf6 Re4 62. Rd7+ Ka8 63. Rd4 Re1 64. Kg7 Rh1 65. Kf6 Re1 66. Rd8+ Kb7 67. Rd7+ Ka6 68. Rxh7 Re4 69. Bb8 Ka5 70. Rxa7+ Kb4 71. Be5 Kc5 72. Kxg6 Kc6 73. Kf5 Re1 74. g6 Rg1 75. g7 Kd5 1-0

[Event "Madrid 2024-2025ch - Previa A"]
[Site "Madrid ESP"]
[Date "2025.02.18"]
[Round "8.30"]
[White "Castro Torres, Vicente"]
[Black "Santos Rodriguez, Jose"]
[Result "1-0"]
[WhiteElo "1534"]
[BlackElo "1710"]
[PlyCount "91"]
[GameId "2155343317352594"]
[EventDate "2025.01.30"]
[EventType "swiss"]
[EventRounds "9"]
[EventCountry "ESP"]
[SourceTitle "Ajedrez en Madrid"]
[Source "lmi"]
[SourceDate "2025.01.30"]
[SourceVersion "1"]
[SourceVersionDate "2025.03.19"]
[SourceQuality "1"]

1. e4 e6 2. d4 d5 3. e5 c5 4. c3 Nc6 5. Nf3 Qb6 6. Bd3 cxd4 7. O-O Bd7 8. b3 Nge7 9. c4 dxc4 10. Bxc4 Nf5 11. b4 a6 12. Bb2 Rc8 13. Bd3 Be7 14. Bxf5 exf5 15. Bxd4 Nxd4 16. Nxd4 O-O 17. Nf3 Rfd8 18. Re1 Bc6 19. Qe2 Be4 20. Nbd2 Rc2 21. Red1 Bxf3 22. gxf3 Bg5 23. Nc4 Rxe2 24. Nxb6 Rxe5 25. f4 Ree8 26. fxg5 g6 27. Rxd8 Rxd8 28. Kg2 Rd4 29. h3 Kf8 30. Rc1 Rd3 31. Rc8+ Ke7 32. Rc7+ Ke6 33. a4 Rb3 34. Rc4 Kd6 35. f3 Ke5 36. Kg3 f6 37. Nd7+ Kd5 38. Rc5+ Kd6 39. Nxf6 Rxb4 40. Rd5+ Kc6 41. Rd7 Rxa4 42. Rxh7 b5 43. Rh6 b4 44. Rxg6 b3 45. Ne4+ Kd7 46. Nc5+ 1-0

[Event "Madrid 2024-2025ch - Previa A"]
[Site "Madrid ESP"]
[Date "2025.02.18"]
[Round "8.31"]
[White "Villodre Miranda, Juan Alonso"]
[Black "Diez Acero, Pablo"]
[Result "0-1"]
[WhiteElo "1698"]
[BlackElo "1639"]
[PlyCount "78"]
[GameId "2155345292275872"]
[EventDate "2025.01.30"]
[EventType "swiss"]
[EventRounds "9"]
[EventCountry "ESP"]
[SourceTitle "Ajedrez en Madrid"]
[Source "lmi"]
[SourceDate "2025.01.30"]
[SourceVersion "1"]
[SourceVersionDate "2025.03.19"]
[SourceQuality "1"]

1. c4 d5 2. cxd5 Nf6 3. Nc3 e6 4. dxe6 Bxe6 5. g3 Nc6 6. Bg2 Qd7 7. Nf3 Bd6 8. O-O Bh3 9. d4 Bxg2 10. Kxg2 h5 11. e4 Ng4 12. h3 Nh6 13. e5 Be7 14. Qa4 O-O-O 15. d5 Nb8 16. Qxa7 h4 17. g4 Nxg4 18. e6 fxe6 19. hxg4 exd5 20. Kh3 Rdf8 21. Nh2 Bd6 22. f4 g5 23. Nxd5 Bxf4 24. Nxf4 gxf4 25. Nf3 Qd3 26. Qf2 Nd7 27. Qd2 Qxf1+ 28. Qg2 Qd3 29. b3 Rhg8 30. Bb2 Re8 31. Rf1 Re2 32. Rf2 Rge8 33. Qf1 Qc2 34. Rxe2 Rxe2 35. Bc1 Ne5 36. Bxf4 Rf2 37. Qb5 Rxf3+ 38. Kxh4 Qh7+ 39. Kg5 Qg6+ 0-1

[Event "Madrid 2024-2025ch - Previa A"]
[Site "Madrid ESP"]
[Date "2025.02.18"]
[Round "8.32"]
[White "Lopez Manso, Jeronimo"]
[Black "Quintans Cunha, Guillerme"]
[Result "0-1"]
[WhiteElo "1528"]
[BlackElo "1685"]
[PlyCount "132"]
[GameId "2155460304412768"]
[EventDate "2025.01.30"]
[EventType "swiss"]
[EventRounds "9"]
[EventCountry "ESP"]
[SourceTitle "Ajedrez en Madrid"]
[Source "lmi"]
[SourceDate "2025.01.30"]
[SourceVersion "1"]
[SourceVersionDate "2025.03.19"]
[SourceQuality "1"]

1. c4 e5 2. Nc3 Nf6 3. d3 d5 4. Nf3 Nc6 5. cxd5 Nxd5 6. Bd2 Bc5 7. Ne4 Bb6 8. e3 O-O 9. Rc1 Ndb4 10. Qb3 Be6 11. Qa3 Qe7 12. Nxe5 Bf5 13. Nxc6 Nxc6 14. Qxe7 Nxe7 15. Ng3 Be6 16. b3 a5 17. d4 a4 18. b4 Bxa2 19. Bc4 Bxc4 20. Rxc4 a3 21. O-O a2 22. Bc3 Nd5 23. Ba1 Ra4 24. e4 Rxb4 25. Rxb4 Nxb4 26. Ne2 Nc2 27. d5 Nxa1 28. Rxa1 Ra8 29. Nc3 f6 30. Rxa2 Rxa2 31. Nxa2 Kf7 32. Kf1 Ke7 33. Ke2 Kd6 34. f3 Bg1 35. h3 Kc5 36. Kd3 g5 37. Nc3 b5 38. Ne2 Bf2 39. Kc3 Be1+ 40. Kb3 c6 41. dxc6 Kxc6 42. Nc3 Kc5 43. Nd5 f5 44. Nf6 fxe4 45. Nxe4+ Kd4 46. Nxg5 h6 47. Ne6+ Ke5 48. Nc7 Kf4 49. Nxb5 Kg3 50. Nd4 Kxg2 51. f4 Bd2 52. f5 Bg5 53. Kc4 Kxh3 54. Kd5 h5 55. Ke6 Bc1 56. f6 Ba3 57. Nf5 Bf8 58. Kf7 Bc5 59. Kg7 Kg4 60. Ne7 h4 61. Kg8 h3 62. Ng6 h2 63. Ne5+ Kg3 64. Nd7 Ba3 65. f7 h1=Q 66. f8=Q Bxf8 0-1

[Event "Madrid 2024-2025ch - Previa A"]
[Site "Madrid ESP"]
[Date "2025.02.18"]
[Round "8.33"]
[White "Perez de las Penas, Jorge Ivan"]
[Black "Munoz Rodriguez, Blas"]
[Result "0-1"]
[WhiteElo "1620"]
[BlackElo "1683"]
[PlyCount "90"]
[GameId "2155466785185934"]
[EventDate "2025.01.30"]
[EventType "swiss"]
[EventRounds "9"]
[EventCountry "ESP"]
[SourceTitle "Ajedrez en Madrid"]
[Source "lmi"]
[SourceDate "2025.01.30"]
[SourceVersion "1"]
[SourceVersionDate "2025.03.19"]
[SourceQuality "1"]

1. e4 c6 2. d4 d5 3. Nc3 dxe4 4. Nxe4 Nf6 5. Ng3 h5 6. h3 h4 7. N3e2 Bf5 8. Nf3 e6 9. Nc3 Bd6 10. Bg5 Qb6 11. Qc1 Ne4 12. Nxe4 Bxe4 13. Be2 Bxf3 14. Bxf3 Qxd4 15. Be3 Qf6 16. O-O Nd7 17. Qd2 Qe7 18. Rfe1 Ne5 19. Be2 O-O-O 20. Qc1 Bc5 21. Bf4 Ng6 22. Bh2 Qf6 23. Rf1 Rd5 24. c3 Rf5 25. Bf3 Ne5 26. Bxe5 Rxe5 27. Qc2 Rh6 28. Rad1 Rg6 29. Qd3 Qe7 30. b4 Bb6 31. a4 Reg5 32. a5 Bc7 33. a6 e5 34. axb7+ Kb8 35. Bg4 f5 36. f4 exf4 37. Bf3 Rg3 38. Qxf5 Qe3+ 39. Kh1 Kxb7 40. b5 Qxc3 41. bxc6+ Rxc6 42. Bxc6+ Qxc6 43. Rb1+ Bb6 44. Qf7+ Ka8 45. Rb2 Rxh3# 0-1

[Event "Madrid 2024-2025ch - Previa A"]
[Site "Madrid ESP"]
[Date "2025.02.18"]
[Round "8.34"]
[White "Yaniz Lana, Francisco Javier"]
[Black "Goday Rivas, Alvaro"]
[Result "1-0"]
[WhiteElo "1716"]
[BlackElo "1538"]
[PlyCount "83"]
[GameId "2155470207254687"]
[EventDate "2025.01.30"]
[EventType "swiss"]
[EventRounds "9"]
[EventCountry "ESP"]
[SourceTitle "Ajedrez en Madrid"]
[Source "lmi"]
[SourceDate "2025.01.30"]
[SourceVersion "1"]
[SourceVersionDate "2025.03.19"]
[SourceQuality "1"]

1. d4 f5 2. Nf3 Nf6 3. g3 g6 4. Bg2 Bg7 5. O-O O-O 6. c3 d6 7. Qb3+ Kh8 8. Ng5 d5 9. Bf4 h6 10. Nf3 c6 11. Ne5 Qe8 12. c4 e6 13. cxd5 exd5 14. Nd2 g5 15. Be3 Nfd7 16. Nxd7 Nxd7 17. Nf3 f4 18. gxf4 gxf4 19. Bd2 Qxe2 20. Rfe1 Qb5 21. Qc2 Nb6 22. Bf1 Bf5 23. Qc1 Bd3 24. Bxf4 Bxf1 25. Rxf1 Qd3 26. Ne5 Bxe5 27. Bxe5+ Kh7 28. Qc5 Rae8 29. Bg3 Rg8 30. Rae1 Re2 31. Rxe2 Qxe2 32. Qb4 Re8 33. a4 Qc4 34. Qd2 Qxa4 35. Qf4 Rg8 36. Re1 Qb4 37. Qf5+ Kh8 38. Qf6+ Rg7 39. Re8+ Kh7 40. Qf5+ Rg6 41. Re6 Qd2 42. Qxg6+ 1-0

[Event "Madrid 2024-2025ch - Previa A"]
[Site "Madrid ESP"]
[Date "2025.02.18"]
[Round "8.35"]
[White "Diaz Del Prado, Carlos"]
[Black "Calle Trueba, Jose Antonio"]
[Result "1-0"]
[WhiteElo "1597"]
[BlackElo "1590"]
[PlyCount "127"]
[GameId "2155471683731649"]
[EventDate "2025.01.30"]
[EventType "swiss"]
[EventRounds "9"]
[EventCountry "ESP"]
[SourceTitle "Ajedrez en Madrid"]
[Source "lmi"]
[SourceDate "2025.01.30"]
[SourceVersion "1"]
[SourceVersionDate "2025.03.19"]
[SourceQuality "1"]

1. d4 Nf6 2. Nf3 g6 3. Nbd2 d5 4. e3 Bg7 5. Bd3 O-O 6. O-O b6 7. e4 dxe4 8. Nxe4 Bb7 9. Nxf6+ exf6 10. Re1 Nd7 11. Be4 Bxe4 12. Rxe4 Re8 13. Rxe8+ Qxe8 14. Bf4 c6 15. Qe1 Nf8 16. Qxe8 Rxe8 17. Re1 Rxe1+ 18. Nxe1 Ne6 19. Be3 f5 20. c3 f4 21. Bd2 g5 22. Nc2 a5 23. Kf1 Bf8 24. Ke2 Bd6 25. Kd3 f5 26. h3 Kf7 27. c4 Be7 28. f3 Bf6 29. b4 axb4 30. Bxb4 c5 31. d5 Nd4 32. Nxd4 Bxd4 33. Bc3 Bxc3 34. Kxc3 Ke7 35. Kd3 Kd6 36. a4 h5 37. Ke2 h4 38. Kd3 Ke5 39. Kc3 Kd6 40. Kb3 Kc7 41. Kc3 Kd6 42. Kb3 Kc7 43. a5 bxa5 44. Ka4 g4 45. Kxa5 Kd6 46. Kb5 gxf3 47. gxf3 Ke5 48. Kxc5 Kf6 49. Kc6 Ke5 50. d6 Kd4 51. d7 Ke3 52. d8=Q Kxf3 53. Qxh4 Ke3 54. Qe1+ Kf3 55. Qf1+ Kg3 56. Kd5 f3 57. Kd4 f4 58. c5 f2 59. c6 f3 60. c7 Kh2 61. Qxf2+ Kh1 62. Qxf3+ Kg1 63. Qe2 Kh1 64. c8=Q 1-0

[Event "Madrid 2024-2025ch - Previa A"]
[Site "Madrid ESP"]
[Date "2025.02.18"]
[Round "8.37"]
[White "Carbo de Haya, Jaime"]
[Black "Veuthey Martinez, Eloy"]
[Result "1-0"]
[WhiteElo "1622"]
[BlackElo "1601"]
[PlyCount "83"]
[GameId "2155479393173731"]
[EventDate "2025.01.30"]
[EventType "swiss"]
[EventRounds "9"]
[EventCountry "ESP"]
[SourceTitle "Ajedrez en Madrid"]
[Source "lmi"]
[SourceDate "2025.01.30"]
[SourceVersion "1"]
[SourceVersionDate "2025.03.19"]
[SourceQuality "1"]

1. e4 d6 2. d4 Nf6 3. Nc3 e5 4. Nf3 Nbd7 5. Bc4 Be7 6. Be3 c6 7. a4 O-O 8. a5 Rb8 9. O-O Ng4 10. Re1 Nxe3 11. Rxe3 b5 12. axb6 axb6 13. d5 b5 14. Bb3 b4 15. dxc6 bxc3 16. cxd7 Bxd7 17. Rxc3 Qb6 18. Bd5 Bg4 19. Rb3 Qc7 20. Rc3 Qb6 21. b3 Be6 22. Rc6 Qb5 23. Ra7 Bxd5 24. exd5 Rfe8 25. Rcc7 Kf8 26. h4 h6 27. Qe1 f5 28. Qd2 Bf6 29. Rf7+ Kg8 30. Rxf6 gxf6 31. Qxh6 Rb7 32. Qg6+ Kf8 33. Qxf6+ Kg8 34. Qg6+ Kf8 35. Qxf5+ Kg8 36. Qg6+ Kf8 37. Qxd6+ Kg8 38. Rxb7 Qxb7 39. Qg6+ Kf8 40. Qf6+ Kg8 41. d6 Qd7 42. Nxe5 1-0

[Event "Madrid 2024-2025ch - Previa A"]
[Site "Madrid ESP"]
[Date "2025.02.18"]
[Round "8.39"]
[White "De Juan Rivas, Antonio"]
[Black "Ropero Galan, Samuel"]
[Result "0-1"]
[WhiteElo "1647"]
[BlackElo "1623"]
[PlyCount "36"]
[GameId "2155493341147407"]
[EventDate "2025.01.30"]
[EventType "swiss"]
[EventRounds "9"]
[EventCountry "ESP"]
[SourceTitle "Ajedrez en Madrid"]
[Source "lmi"]
[SourceDate "2025.01.30"]
[SourceVersion "1"]
[SourceVersionDate "2025.03.19"]
[SourceQuality "1"]

1. d4 f5 2. e4 fxe4 3. Nc3 Nf6 4. Bg5 d5 5. Nge2 Bg4 6. h3 Bh5 7. g4 Bg6 8. Nf4 c6 9. Ne6 Qd6 10. Nxf8 Rxf8 11. Qd2 Nbd7 12. O-O-O Nb6 13. Be3 Nfd7 14. h4 h5 15. Bh3 Nc4 16. Qe2 Qb4 17. Na4 Qxa4 18. b3 Qa3+ 0-1

[Event "Madrid 2024-2025ch - Previa A"]
[Site "Madrid ESP"]
[Date "2025.02.19"]
[Round "9.2"]
[White "Blazquez Sanz, Oscar"]
[Black "Pastor Alonso De Prado, Alberto"]
[Result "1-0"]
[WhiteElo "1980"]
[BlackElo "1963"]
[PlyCount "81"]
[GameId "2155590188769374"]
[EventDate "2025.01.30"]
[EventType "swiss"]
[EventRounds "9"]
[EventCountry "ESP"]
[SourceTitle "Ajedrez en Madrid"]
[Source "lmi"]
[SourceDate "2025.01.30"]
[SourceVersion "1"]
[SourceVersionDate "2025.03.19"]
[SourceQuality "1"]

1. e4 c6 2. c4 d5 3. exd5 cxd5 4. cxd5 Nf6 5. Qa4+ Nbd7 6. Nc3 g6 7. g3 Bg7 8. Bg2 O-O 9. Nge2 Nc5 10. Qc4 b6 11. b4 Nb7 12. O-O Nd6 13. Qb3 Bf5 14. Bb2 Qd7 15. Rfe1 Bh6 16. Rad1 Bd3 17. Nd4 Bc4 18. Qc2 Rac8 19. Nc6 Rfe8 20. d3 Ba6 21. Qa4 Bb7 22. b5 e6 23. dxe6 Rxe6 24. Ne4 Bg7 25. Nxf6+ Bxf6 26. Bxf6 Rxf6 27. Ne7+ Kg7 28. Nxc8 Bxc8 29. Bc6 Qf5 30. Qd4 Nxb5 31. Bxb5 Qxb5 32. Re4 Bf5 33. Rf4 g5 34. Rf3 g4 35. Rf4 Kg6 36. h3 h5 37. hxg4 hxg4 38. f3 Rc6 39. fxg4 Be6 40. Qf6+ Kh7 41. g5 1-0

[Event "Madrid 2024-2025ch - Previa A"]
[Site "Madrid ESP"]
[Date "2025.02.19"]
[Round "9.6"]
[White "Lopez de Turiso Sanchez, Jose An"]
[Black "Rodriguez Garcia, Jose Maria"]
[Result "1-0"]
[WhiteElo "1967"]
[BlackElo "1935"]
[PlyCount "71"]
[GameId "2155593551388828"]
[EventDate "2025.01.30"]
[EventType "swiss"]
[EventRounds "9"]
[EventCountry "ESP"]
[SourceTitle "Ajedrez en Madrid"]
[Source "lmi"]
[SourceDate "2025.01.30"]
[SourceVersion "1"]
[SourceVersionDate "2025.03.19"]
[SourceQuality "1"]

1. Nc3 d5 2. d4 f5 3. Bf4 c6 4. f3 Nf6 5. Qd3 g6 6. e4 dxe4 7. fxe4 Bg7 8. O-O-O b5 9. e5 Nd5 10. Nxd5 Qxd5 11. c4 bxc4 12. Qxc4 Be6 13. Qxd5 Bxd5 14. Kb1 Nd7 15. Nf3 e6 16. Bd3 h6 17. h4 Kf7 18. Rc1 Rab8 19. Rc3 Rb6 20. Bc4 Rhb8 21. b3 a5 22. Bxd5 cxd5 23. Rc7 R6b7 24. Rhc1 a4 25. Rxb7 Rxb7 26. Kb2 Bf8 27. Rc6 Nb8 28. Rc8 Na6 29. Ne1 axb3 30. axb3 Nb4 31. Bd2 Na6 32. Nd3 Nc7 33. Nc5 Bxc5 34. dxc5 Kg7 35. c6 Ra7 36. Be3 1-0

[Event "Madrid 2024-2025ch - Previa A"]
[Site "Madrid ESP"]
[Date "2025.02.19"]
[Round "9.7"]
[White "Marquez Misel, Michael Angel"]
[Black "Ruiz Bellon, Manuel"]
[Result "1/2-1/2"]
[WhiteElo "1879"]
[BlackElo "1965"]
[PlyCount "93"]
[GameId "2155600929878189"]
[EventDate "2025.01.30"]
[EventType "swiss"]
[EventRounds "9"]
[EventCountry "ESP"]
[SourceTitle "Ajedrez en Madrid"]
[Source "lmi"]
[SourceDate "2025.01.30"]
[SourceVersion "1"]
[SourceVersionDate "2025.03.19"]
[SourceQuality "1"]

1. d4 d5 2. Bf4 c5 3. e3 Nc6 4. Nf3 Bf5 5. Bd3 Bxd3 6. Qxd3 e6 7. c3 Nf6 8. Nbd2 Bd6 9. O-O Bxf4 10. exf4 cxd4 11. Nxd4 O-O 12. N2f3 Qc7 13. g3 Ne4 14. Nd2 Nd6 15. Nb5 Nxb5 16. Qxb5 d4 17. Rac1 Rfd8 18. cxd4 Rxd4 19. Nf3 Rd5 20. Qa4 Qd7 21. Rc3 Rd8 22. Rfc1 h6 23. Qe4 Qd6 24. a3 a6 25. Kg2 Rb5 26. b4 Qd5 27. Qxd5 Rbxd5 28. Kf1 f6 29. Re3 Kf7 30. Rce1 R8d6 31. h4 a5 32. bxa5 Nxa5 33. a4 Nc4 34. Rb3 b6 35. Rb4 Rc5 36. Re4 Rdc6 37. Rd4 Ke7 38. g4 Na3 39. Ne1 Rc1 40. Ke2 R1c5 41. Rb3 Nc2 42. Nxc2 Rxc2+ 43. Ke3 R2c3+ 44. Rxc3 Rxc3+ 45. Rd3 Rc6 46. f3 Rd6 47. Rxd6 1/2-1/2

[Event "Madrid 2024-2025ch - Previa A"]
[Site "Madrid ESP"]
[Date "2025.02.19"]
[Round "9.8"]
[White "Arevillca Colque, Jonatan"]
[Black "Marin Lopez, Jeronimo"]
[Result "1-0"]
[WhiteElo "1957"]
[BlackElo "1922"]
[PlyCount "91"]
[GameId "2155616462004420"]
[EventDate "2025.01.30"]
[EventType "swiss"]
[EventRounds "9"]
[EventCountry "ESP"]
[SourceTitle "Ajedrez en Madrid"]
[Source "lmi"]
[SourceDate "2025.01.30"]
[SourceVersion "1"]
[SourceVersionDate "2025.03.19"]
[SourceQuality "1"]

1. e4 d6 2. d4 Nf6 3. Nc3 e5 4. Nge2 Be7 5. g3 O-O 6. Bg2 c6 7. a4 a6 8. O-O Nbd7 9. a5 Re8 10. f4 Bf8 11. Qd3 b5 12. Nd1 exd4 13. Nf2 Bb7 14. Qxd4 c5 15. Qd3 c4 16. Qd4 d5 17. e5 Bc5 18. Qc3 Ng4 19. Nd4 h5 20. Nxg4 hxg4 21. Kh1 b4 22. Qd2 Nf8 23. c3 b3 24. Qe2 Qd7 25. f5 Rac8 26. Bd2 Qc7 27. Bf4 Bxd4 28. cxd4 c3 29. bxc3 Qxc3 30. Rfd1 Rc4 31. Rac1 Qb4 32. Bd2 Qb5 33. Qxg4 Rxc1 34. Rxc1 Qd3 35. Bh6 g6 36. fxg6 Nxg6 37. Qd1 Qb5 38. Rb1 Qxa5 39. Qxb3 Bc6 40. Qf3 Qd8 41. Rf1 Qe7 42. Qb3 Bb5 43. Rxf7 Qxf7 44. Bxd5 Qxd5+ 45. Qxd5+ Kh7 46. Bg5 1-0

[Event "Madrid 2024-2025ch - Previa A"]
[Site "Madrid ESP"]
[Date "2025.02.19"]
[Round "9.10"]
[White "Martin Rodriguez, Emilio"]
[Black "Urosa Sanchez, Pablo"]
[Result "1-0"]
[WhiteElo "1939"]
[BlackElo "1829"]
[PlyCount "63"]
[GameId "2155619968467097"]
[EventDate "2025.01.30"]
[EventType "swiss"]
[EventRounds "9"]
[EventCountry "ESP"]
[SourceTitle "Ajedrez en Madrid"]
[Source "lmi"]
[SourceDate "2025.01.30"]
[SourceVersion "1"]
[SourceVersionDate "2025.03.19"]
[SourceQuality "1"]

1. e4 c6 2. d4 d5 3. exd5 cxd5 4. c4 Nf6 5. Nc3 e6 6. cxd5 Nxd5 7. Nf3 Bb4 8. Bd2 O-O 9. a3 Be7 10. Bd3 Nf6 11. O-O Nbd7 12. Qe2 Nb6 13. Rad1 Nbd5 14. Ne5 a6 15. Rfe1 Qc7 16. Ne4 h6 17. Nxf6+ Nxf6 18. Qf3 Bd7 19. Qh3 Bb5 20. Bb1 Ba4 21. b3 Bc6 22. Bxh6 gxh6 23. Qxh6 Rfc8 24. Re3 Ne4 25. Rg3+ Bg5 26. Bxe4 Bxe4 27. Rxg5+ Bg6 28. Nxg6 f6 29. Ne7+ Kf7 30. Rg7+ Ke8 31. Ng6 Qc1 32. Qh8# 1-0

[Event "Madrid 2024-2025ch - Previa A"]
[Site "Madrid ESP"]
[Date "2025.02.19"]
[Round "9.11"]
[White "Camarero Izquierdo, Juan Carlos"]
[Black "Vukotic Jovsic, Dragan"]
[Result "1-0"]
[WhiteElo "1936"]
[BlackElo "1812"]
[PlyCount "39"]
[GameId "2155620755120296"]
[EventDate "2025.01.30"]
[EventType "swiss"]
[EventRounds "9"]
[EventCountry "ESP"]
[SourceTitle "Ajedrez en Madrid"]
[Source "lmi"]
[SourceDate "2025.01.30"]
[SourceVersion "1"]
[SourceVersionDate "2025.03.19"]
[SourceQuality "1"]

1. d4 d5 2. Nc3 Nf6 3. Bg5 e6 4. e4 dxe4 5. Nxe4 Be7 6. Bxf6 Bxf6 7. Nf3 Nd7 8. Qd3 O-O 9. O-O-O b6 10. h4 Bb7 11. Kb1 Bxe4 12. Qxe4 c5 13. Bd3 g6 14. h5 Qe7 15. Rh3 cxd4 16. hxg6 hxg6 17. Qf4 Bg7 18. Rdh1 e5 19. Qh2 f5 20. Bc4+ 1-0

[Event "Madrid 2024-2025ch - Previa A"]
[Site "Madrid ESP"]
[Date "2025.02.19"]
[Round "9.12"]
[White "Fernandez Garcia, Ignacio"]
[Black "Lozano Argueso, Cesar"]
[Result "0-1"]
[WhiteElo "1790"]
[BlackElo "1935"]
[PlyCount "48"]
[GameId "2155621147664567"]
[EventDate "2025.01.30"]
[EventType "swiss"]
[EventRounds "9"]
[EventCountry "ESP"]
[SourceTitle "Ajedrez en Madrid"]
[Source "lmi"]
[SourceDate "2025.01.30"]
[SourceVersion "1"]
[SourceVersionDate "2025.03.19"]
[SourceQuality "1"]

1. d4 Nf6 2. Nc3 d5 3. Nf3 g6 4. h3 Bg7 5. e3 O-O 6. Ne5 c5 7. Ng4 Nc6 8. Be2 cxd4 9. exd4 Nxg4 10. hxg4 Nxd4 11. Bh6 e5 12. Qd2 Bf6 13. Bxf8 Kxf8 14. Rxh7 Be6 15. Qh6+ Ke7 16. O-O-O Kd6 17. Qh2 Kc6 18. f3 Qa5 19. Bd3 b5 20. Kb1 b4 21. Ne2 Nb5 22. g5 Nc3+ 23. Nxc3 bxc3 24. gxf6 Qb4 0-1

[Event "Madrid 2024-2025ch - Previa A"]
[Site "Madrid ESP"]
[Date "2025.02.19"]
[Round "9.13"]
[White "Iribarren Galarza, Aritz"]
[Black "Sanchez Rodriguez, Jaime"]
[Result "0-1"]
[WhiteElo "1810"]
[BlackElo "1952"]
[PlyCount "142"]
[GameId "2155751201333360"]
[EventDate "2025.01.30"]
[EventType "swiss"]
[EventRounds "9"]
[EventCountry "ESP"]
[SourceTitle "Ajedrez en Madrid"]
[Source "lmi"]
[SourceDate "2025.01.30"]
[SourceVersion "1"]
[SourceVersionDate "2025.03.19"]
[SourceQuality "1"]

1. e4 d6 2. d4 Nf6 3. Nc3 Nbd7 4. Be3 e5 5. d5 Be7 6. h3 c6 7. Bc4 Qc7 8. Qd2 O-O 9. Nge2 Rd8 10. Ng3 Nf8 11. Nf5 Ng6 12. g3 b5 13. Bb3 b4 14. Nxe7+ Nxe7 15. Ne2 Nxe4 16. Qxb4 cxd5 17. Bxd5 Nxd5 18. Qxe4 Bb7 19. Rf1 Nf4 20. Qa4 Nxe2 21. Kxe2 Bc6 22. Qa6 Rdb8 23. c4 Rxb2+ 24. Kd1 Bf3+ 25. Kc1 Rb4 26. Kd2 Qxc4 27. Qxc4 Rxc4 28. Rfc1 Rxc1 29. Rxc1 f6 30. Rc7 a5 31. a4 d5 32. Bb6 Ra6 33. Bc5 d4 34. Ra7 Rxa7 35. Bxa7 Bc6 36. Bb6 Bxa4 37. Bxa5 Bb5 38. Bb6 Kf7 39. Kc1 Ke6 40. Kb2 Kd5 41. Kc2 Ke4 42. Kd2 Kf3 43. Ke1 Bd7 44. h4 Ke4 45. Bc5 Bg4 46. Bf8 g6 47. Bh6 f5 48. Bg7 d3 49. Kd2 Be2 50. Bh6 Kf3 51. Be3 Kg4 52. Bh6 f4 53. Bg7 fxg3 54. fxg3 Kxg3 55. Bf6 h6 56. Be7 Kg4 57. Bf6 e4 58. Be7 g5 59. hxg5 hxg5 60. Bc5 Kf3 61. Be3 g4 62. Bd4 Kg2 63. Ke1 Kh1 64. Bf2 Kh2 65. Kd2 g3 66. Be3 g2 67. Bf4+ Kh1 68. Be3 g1=Q 69. Bxg1 Kxg1 70. Ke1 Kg2 71. Kd2 Kf2 0-1